00653nam a2200229 a 450000100060000000300080000600500170001400800410003102000150007203500190008704000270010604100080013308200220014110000220016324500670018525000120025226000520026430000330031650000180034965000330036770000230040052147BD-RjUL20211209075747.0160906s1962 enka f 001 0 eng d a0030245613 a(BD-RjUL)52267 aMYGcMYGbengdBD-RjUL aeng0 a530223bWAP 196210aWall, Clifford N.10aPhysics laboratory manual /cClifford N Wall; Raphael B Levine a2nd ed. aEnglewood Cliffs :bN.J., Prentice-Hall,cc1962 avi, 298 p. :bill. ;c28 cm. aInclude index 0aPhysicsvLaboratory manuals. aLevine, Raphael B